[Event "45th Olympiad Budapest 2024"]
[Site "Budapest"]
[Date "2024.09.19"]
[Round "8"]
[Board "2"]
[White "Chan, Pui Yin Brandon"]
[Black "Cabralis, Quinn"]
[Result "0-1"]
[WhiteElo "2016"]
[BlackElo "2169"]
[PlyCount "76"]
[EventDate "2024.09.11"]
[EventType "team-tourn"]
[EventRounds "11"]
[EventCountry "HUN"]
[WhiteTeam "Hong Kong, China"]
[BlackTeam "Trinidad & Tobago"]

1. d4 d5 2. c4 c6 3. cxd5 cxd5 4. Nc3 Nf6 5. Bf4 Nc6 6. e3 a6 7. Bd3 Bg4 8. f3 Bh5 9. Qb3 Na5 10. Qa4+ Nc6 11. Qb3 ({RR} 11. Nge2 e6 12. O-O Bg6 13. e4 Be7 14. Rac1 O-O 15. Be3 b5 16. Qd1 Rc8 17. e5 Nd7 18. f4 Nb6 19. g4 Nc4 20. Bxc4 dxc4 21. f5 exf5 22. gxf5 Bh5 23. Qe1 Bh4 24. Qd2 Bxe2 25. Nxe2 a5 {1-0 Da Silva,K (1517)-Pessoa,M (1846) 10th Floripa Open 2024 (7.140)}) 11... Ra7 12. g4 $146 ({RR} 12. Nge2 e6 13. O-O Bd6 14. Bxd6 Qxd6 15. e4 dxe4 16. Nxe4 Nxe4 17. Bxe4 Nxd4 18. Nxd4 Qxd4+ 19. Kh1 O-O 20. Rfd1 Qe5 21. Qb6 Raa8 22. Bxb7 Rab8 23. a4 Bg6 24. a5 Bc2 25. Rd7 h5 26. Qb4 Qf5 {½-½ Abaeji,S (2282)-Al Saffar,A (2372) IRQ-ch final 2013 (3)}) ({RR} 12. Nge2 e6 13. Bg3 Bg6 14. Nf4 Bd6 15. Nce2 O-O 16. Rc1 Na5 17. Qc3 Nc6 18. a3 Ra8 19. Bxg6 hxg6 20. Nd3 Rc8 21. Nc5 Bxc5 22. dxc5 Re8 23. O-O e5 24. Rfd1 Rc7 25. Rc2 Rd7 26. Rcd2 g5 {½-½ Ljubojevic,L (2555)-Stellwagen,D (2616) Amsterdam NH Hotels 3rd 2008 (3)}) ({RR} 12. Nge2 e6 13. Rc1 Be7 14. O-O O-O 15. Bg3 Na5 16. Qc2 b5 17. Nf4 Bg6 18. Nxg6 hxg6 19. a4 b4 20. Nb1 Qd7 21. Nd2 Rfa8 22. b3 Ne8 {½-½ Shafriri,G-Kretchetov,A (2351) Las Vegas National op 2008 (1)}) ({RR} 12. Nge2 e6 13. O-O Be7 14. Rac1 O-O 15. Na4 Nd7 16. Nc5 Nxc5 17. dxc5 Qa5 18. Qb6 Qxb6 19. cxb6 Raa8 20. Bc7 Rfc8 21. Nf4 Bg6 22. Nxg6 hxg6 23. a3 Bd8 24. Rxc6 bxc6 25. b7 Bxc7 26. bxc8=Q+ Rxc8 {0-1 Arvind,C (2123)-Nasuta,G (2558) Titled Tuesday intern op 19th May blitz 2020 (4)}) 12... Bg6 13. Bxg6 hxg6 14. g5 Nh5 15. Nxd5 e6 16. Nc7+ Ke7 17. d5 Nxf4 18. dxc6 Ng2+ 19. Kf2 Qxc7 20. Kxg2 bxc6 21. Ne2 Rb7 22. Qc3 Rb5 23. f4 Qb7 24. b3 f6 25. Kf2 Kf7 26. Nd4 Rc5 27. Qd3 Rd5 28. Qe4 Qd7 29. Rag1 f5 30. Qc2 Rxd4 31. exd4 Qxd4+ 32. Ke2 Bc5 33. Rg3 Qf2+ 34. Kd1 Qxg3 35. Kc1 Qe3+ 36. Kb2 Rd8 37. Rd1 Rxd1 38. Qxd1 Qd4+ 0-1

[Event "45th Olympiad Budapest 2024"]
[Site "Budapest"]
[Date "2024.09.19"]
[Round "8"]
[Board "3"]
[White "Harper, Ryan"]
[Black "Chan, Wang Ip Boris"]
[Result "0-1"]
[WhiteElo "2124"]
[BlackElo "2017"]
[PlyCount "80"]
[EventDate "2024.09.11"]
[EventType "team-tourn"]
[EventRounds "11"]
[EventCountry "HUN"]
[WhiteTeam "Trinidad & Tobago"]
[BlackTeam "Hong Kong, China"]

1. e4 c5 2. Nf3 d6 3. d4 cxd4 4. Nxd4 Nf6 5. Nc3 a6 6. Be2 e5 7. Nb3 Be6 8. O-O Be7 9. Qd3 O-O 10. Bd2 Qc8 ({RR} 10... Nbd7 11. Nd5 Bxd5 12. exd5 Ne8 13. c4 Bg5 14. Bxg5 Qxg5 15. Na5 b6 16. Nc6 a5 17. b3 f5 18. f4 exf4 19. Qd4 Nef6 20. Qxf4 Qxf4 21. Rxf4 g6 22. Rff1 Rae8 23. Rae1 Ne4 24. Bf3 Nd2 25. Rxe8 {0-1 Li,C (2755)-Giri,A (2790) Norway Masters blitz 4th 2016 (4)}) ({RR} 10... Nbd7 11. Nd5 Bxd5 12. exd5 e4 13. Qd4 Re8 14. c4 Bf8 15. Na5 e3 16. fxe3 Ne4 17. Nb3 g6 18. Ba5 b6 19. Bc3 Nxc3 20. Qxc3 Bg7 21. Qd2 Qg5 22. Rf3 Bh6 23. Raf1 Qxe3+ 24. Qxe3 Bxe3+ 25. Kh1 {0-1 Krzyzanowski,M (2519)-Kramnik,V (2753) Titled Tue 2nd Jan Early 2024 (7)}) 11. Rac1 Rd8 $146 ({RR} 11... a5 12. a4 Qc6 13. f4 Na6 14. Qf3 Nb4 15. Bb5 Qc7 16. f5 Bc4 17. Bxc4 Qxc4 18. Bg5 Rfd8 19. Nd2 Qc6 20. b3 Rac8 21. Nc4 Rd7 22. Rfd1 Bd8 23. Bxf6 Bxf6 24. Nd5 Bg5 25. Nxb4 Qc5+ 26. Kh1 {1-0 John,V (1855)-Daakshin,A (2016) IND-ch U14 Ahmedabad 2022 (5)}) ({RR} 11... a5 12. Nd5 Nxd5 13. exd5 Bf5 14. Qe3 Bd8 15. c4 a4 16. Na1 Nd7 17. Nc2 Bb6 18. Qg5 Nf6 19. Be3 Bd8 20. Qg3 Bxc2 21. Rxc2 Nxd5 22. Bh6 Bf6 23. Rd1 Ne7 24. Bg4 Qc7 25. Be3 Nc6 26. c5 {0-1 Kazakov,K (2356)-Amonatov,F (2624) Astana op 2017 (6)}) ({RR} 11... Nbd7 12. Nd5 Bxd5 13. exd5 Bd8 14. Bb4 Qb8 15. Na5 Nc5 16. Qd1 Bb6 17. Nc4 Ba7 18. Kh1 Qc7 19. a4 Nfe4 20. f3 Nf6 21. a5 Rfe8 22. Be1 Ncd7 23. b4 Nh5 24. g3 Nhf6 25. c3 e4 26. f4 {0-1 Chigaev,M (2631)-Can,E (2569) FIDE World Cup Europe Hybrid Qual 2021 (2.1)}) 12. Nd5 Nxd5 13. exd5 Bf5 14. Qg3 Bf6 15. Na5 Nd7 16. b4 Re8 17. Kh1 b6 18. Nc4 Qc7 19. Ne3 Bg6 20. h4 h5 21. Nc4 a5 22. bxa5 bxa5 23. Bg5 Qc5 24. Be3 Qc7 25. a4 Nc5 26. Bxc5 Qxc5 27. Qe3 Qb4 28. g3 Rab8 29. Rb1 Qxa4 30. Nxd6 Rxb1 31. Rxb1 Rd8 32. Nc4 Rxd5 33. Rb8+ Kh7 34. Nb6 Qa1+ 35. Kh2 Rd8 36. Rb7 Qd4 37. Nd7 Rxd7 38. Qxd4 Rxd4 39. Bf3 Rd2 40. Kg2 e4 0-1

[Event "45th Olympiad Budapest 2024"]
[Site "Budapest"]
[Date "2024.09.19"]
[Round "8"]
[Board "4"]
[White "Li, Yiheng"]
[Black "McIntosh, Isaiah"]
[Result "1/2-1/2"]
[WhiteElo "1893"]
[BlackElo "2249"]
[PlyCount "94"]
[EventDate "2024.09.11"]
[EventType "team-tourn"]
[EventRounds "11"]
[EventCountry "HUN"]
[WhiteTeam "Hong Kong, China"]
[BlackTeam "Trinidad & Tobago"]

1. e4 e5 2. Nf3 Nc6 3. Bc4 Bc5 4. c3 Nf6 5. d3 d6 6. O-O a5 7. Re1 h6 8. Nbd2 O-O 9. h3 Be6 10. Bb5 Nd7 11. Nf1 d5 12. exd5 ({RR} 12. Be3 dxe4 13. dxe4 Qf6 14. Qe2 Rfd8 15. Red1 Bf8 16. Ng3 a4 17. Nh2 Qg6 18. Ng4 Bd6 19. Bc4 Bxc4 20. Qxc4 Qe6 21. Qxe6 fxe6 22. b4 axb3 23. axb3 Na5 24. Rdb1 b5 25. Nf1 b4 26. Ra4 Nc6 {½-½ Dominguez Perez,L (2753)-So,W (2776) Bucharest Superbet Classic 2022 (9)}) ({RR} 12. Ne3 dxe4 13. dxe4 Re8 14. a4 Bf8 15. Qe2 Na7 16. Bc4 Nc8 17. Bxe6 Rxe6 18. Rd1 Nd6 19. Nc4 Nf6 20. Nxd6 Rxd6 21. Be3 Qe8 22. Rxd6 Bxd6 23. Qc4 c6 24. Nd2 Bc7 25. Qb3 b6 26. Qc2 b5 {½-½ Sevian,S (2687)-Deac,B (2680) Stepan Avagyan Mem 2024 (6.4)}) 12... Bxd5 13. Be3 $146 ({RR} 13. Ne3 Bxe3 14. Bxe3 f5 15. c4 Bf7 16. Bd2 Bh5 17. Bxc6 bxc6 18. Qe2 e4 19. dxe4 Ne5 20. Bc3 Nxf3+ 21. gxf3 Qg5+ 22. Kf1 fxe4 23. Qe3 Qh4 24. Qxe4 Qxh3+ 25. Kg1 Rf5 26. Qe6+ Kh7 27. Re5 Raf8 {0-1 Nihal,S (2688)-Kollars,D (2618) Titled Tue 4th Jul Late 2023 (9)}) ({RR} 13. Ne3) ({RR} 13. Ne3 Bxe3 14. Bxe3 f5 15. d4 e4 16. Nh2 Ne7 17. Bf1 Bf7 18. c4 c6 19. Bd2 Nf6 20. Bc3 a4 21. b3 b5 22. Qd2 axb3 23. axb3 bxc4 24. bxc4 Qd6 25. Reb1 Rfd8 26. Rxa8 Rxa8 27. Rb7 Ng6 {0-1 Dragun,K (2590)-Robson,R (2676) Saint Louis Spring-A 2022 (3)}) 13... Bd6 14. d4 exd4 15. Nxd4 Nxd4 16. Qxd4 c6 17. Be2 Re8 18. Qd2 Qf6 19. Ng3 Nc5 20. c4 Ne4 21. Nxe4 Bxe4 22. Bd4 Qg6 23. f3 Bb4 24. Bc3 Bf5 25. Bxb4 Rad8 26. Qf4 axb4 27. Kh2 Qf6 28. Bf1 Rxe1 29. Rxe1 Qd6 30. Qxd6 Rxd6 31. Re8+ Kh7 32. Re7 Rd1 33. Rxf7 Kg6 34. Rxb7 Rxf1 35. Rxb4 Rc1 36. b3 Ra1 37. Rb6 Bd7 38. Rb7 Be8 39. Re7 Bf7 40. Rc7 Be8 41. Re7 Bf7 42. Rc7 Rxa2 43. Rxc6+ Kh7 44. Rb6 Rb2 45. Rb5 Be8 46. Rb4 Bg6 47. c5 Rc2 1/2-1/2

[Event "45th Olympiad Budapest 2024"]
[Site "Budapest"]
[Date "2024.09.19"]
[Round "8"]
[Board "1"]
[White "El Jawich, Amro"]
[Black "Pg, Md Omar Ak Hafizon"]
[Result "1-0"]
[WhiteElo "2296"]
[BlackElo "2159"]
[PlyCount "103"]
[EventDate "2024.09.11"]
[EventType "team-tourn"]
[EventRounds "11"]
[EventCountry "HUN"]
[WhiteTeam "Lebanon"]
[BlackTeam "Brunei Darussalam"]
[WhiteTeamCountry "LBN"]

1. e4 c5 2. Nc3 Nc6 3. f4 a6 4. Nf3 b5 ({RR} 4... Nd4 5. a4 e6 6. Bd3 Ne7 7. Nxd4 cxd4 8. Ne2 Nc6 9. O-O Bc5 10. Kh1 Nb4 11. Rf3 b6 12. c3 Nxd3 13. Rxd3 dxc3 14. dxc3 Bb7 15. Ng3 h5 16. b4 Be7 17. Nxh5 Bxe4 18. Rh3 Rg8 19. Qd4 {1-0 Harutjunyan,G (2387)-Kovalev,A (2529) Alushta 02 2007 (6)}) 5. d3 e6 ({RR} 5... Bb7 6. g3 e6 7. Bg2 Nf6 8. O-O Be7 9. e5 Nd5 10. Ne4 O-O 11. c4 Nb6 12. b3 Nd4 13. Nxd4 cxd4 14. Nf6+ Bxf6 15. Bxb7 Rb8 16. exf6 Rxb7 17. fxg7 Re8 18. Ba3 d5 19. Bf8 dxc4 20. bxc4 {0-1 Cagara,P (2087)-Mirza,D (1926) Titled Tue 20th Feb Early 2024 (4)}) 6. Be2 d5 $146 ({RR} 6... Nf6 7. O-O d5 8. e5 d4 9. Nb1 Nd5 10. Qe1 Be7 11. Qg3 g6 12. a3 Bb7 13. Rd1 Qb6 14. Kh1 b4 15. Ng5 h6 16. Ne4 g5 17. Rf1 gxf4 18. Bxf4 O-O-O 19. Nbd2 Na5 20. axb4 Qxb4 21. c3 {1-0 De Dompablo Fantova,J (1670)-Gueler Berdasco,M (1957) Madrid-ch Previa-A 2022 (4)}) 7. O-O b4 8. Na4 Nf6 9. e5 Nd7 10. Be3 Be7 11. Qe1 Bb7 12. Qg3 g6 13. b3 d4 14. Bc1 Na7 15. Nd2 Nb5 16. Bf3 Qc7 17. Bxb7 Qxb7 18. Nc4 Nc3 19. Nxc3 bxc3 20. f5 Nb6 21. fxe6 fxe6 22. Bg5 Nxc4 23. bxc4 Rf8 24. Rxf8+ Kxf8 25. Bxe7+ Kxe7 26. Qg5+ Kf8 27. Qf6+ Kg8 28. Qxe6+ Qf7 29. Qd5 Qxd5 30. cxd5 Rd8 31. d6 Kf7 32. Kf2 Ke6 33. Re1 Rf8+ 34. Kg3 Rb8 35. Re2 a5 36. Kf4 Rf8+ 37. Ke4 g5 38. g3 Rf7 39. a4 g4 40. d7 Rxd7 41. Rf2 Ke7 42. Rf4 h5 43. Rf5 Rb7 44. Kd5 Rb2 45. Rf2 Rb4 46. e6 Rb2 47. Rf7+ Ke8 48. Rc7 Rxc2 49. Kd6 Kf8 50. Rxc5 Re2 51. Rc8+ Kg7 52. e7 1-0

[Event "45th Olympiad Budapest 2024"]
[Site "Budapest"]
[Date "2024.09.19"]
[Round "8"]
[Board "2"]
[White "Yee, Soon Wei"]
[Black "Arkadan, Adib"]
[Result "0-1"]
[WhiteElo "2219"]
[BlackElo "2181"]
[PlyCount "72"]
[EventDate "2024.09.11"]
[EventType "team-tourn"]
[EventRounds "11"]
[EventCountry "HUN"]
[WhiteTeam "Brunei Darussalam"]
[BlackTeam "Lebanon"]
[BlackTeamCountry "LBN"]

1. e4 d6 2. d4 Nf6 3. Nc3 e5 4. Nf3 Nbd7 5. Bc4 Be7 6. a4 O-O 7. h3 c6 8. Ba2 Qc7 9. O-O h6 ({RR} 9... b6 10. Re1 a5 11. Bg5 h6 12. Bh4 Re8 13. Bg3 Bf8 14. Nh4 exd4 15. Qxd4 Nc5 16. Ng6 Ne6 17. Bxe6 Rxe6 18. Nxf8 Kxf8 19. Rad1 Ne8 20. f4 c5 21. Qf2 Bb7 22. f5 Re7 23. Nb5 Qc6 24. Bxd6 {1-0 Sevgi,V (2332)-Saraci,N (2449) Titled Tue 4th Jun Late 2024 (10)}) 10. Re1 Re8 11. Be3 Nf8 12. dxe5 $146 ({RR} 12. d5 Ng6 13. Qd3 Nh5 14. Qc4 c5 15. b4 b6 16. bxc5 bxc5 17. Qb5 Bd7 18. Qa6 Reb8 19. Rab1 Rb6 20. Rxb6 Qxb6 21. Bc4 Qxa6 22. Bxa6 Rb8 23. Bb5 Bc8 24. Rb1 Nhf4 25. Nd2 Bd8 26. Rb3 Ba5 {1-0 Puranik,A (2476)-Gagunashvili,M (2588) Subic Bay op 2016 (8)}) ({RR} 12. Qd2 Be6 13. Bxe6 Nxe6 14. d5 cxd5 15. Nxd5 Qc6 16. Nxf6+ Bxf6 17. Qd3 Bg5 18. Nxg5 hxg5 19. c3 Nf4 20. Bxf4 gxf4 21. Red1 Re6 22. Rd2 Rg6 23. f3 Rc8 24. Qb5 Kf8 25. Rd5 Ke7 26. Rad1 a6 {½-½ Ascic,P (2310)-Sai Agni,J (2301) Zadar op-A 26th 2019 (6)}) ({RR} 12. Nh4 d5 13. exd5 Nxd5 14. Nxd5 cxd5 15. Qh5 Be6 16. Nf5 Bf6 17. c3 e4 18. Ng3 Qd7 19. Qe2 Ng6 20. Nh5 Bf5 21. c4 Bxh3 22. Bd2 Be6 23. Bb3 dxc4 24. Bc2 Bd5 25. Bc3 a6 26. Ng3 {0-1 Saim,M (2170)-Moulay,M (2032) ALG-ch Ain Tagoura 2020 (8)}) 12... dxe5 13. Nh4 Ne6 14. Nf5 Bc5 15. Bxe6 Bxe3 16. Bxc8 Bc5 17. Qf3 Raxc8 18. Nxh6+ Kh7 19. Nf5 g6 20. Rad1 Re6 21. Ne3 Kg7 22. Ne2 Rh8 23. Ng3 Kf8 24. Rd3 Rh4 25. Ng4 Nxg4 26. hxg4 Kg7 27. Qd1 Rf6 28. Rf3 Rf4 29. g5 Rxf3 30. gxf3 Qc8 31. Kf1 Qh3+ 32. Ke2 Bxf2 33. Qd6 Bxe1 34. Qxe5+ Kh7 35. Kxe1 Qg2 36. a5 Qxf3 0-1

[Event "45th Olympiad Budapest 2024"]
[Site "Budapest"]
[Date "2024.09.19"]
[Round "8"]
[Board "3"]
[White "Assaad, Joe"]
[Black "Lim Teck Guan, Rodney"]
[Result "1-0"]
[WhiteElo "2150"]
[BlackElo "1931"]
[PlyCount "53"]
[EventDate "2024.09.11"]
[EventType "team-tourn"]
[EventRounds "11"]
[EventCountry "HUN"]
[WhiteTeam "Lebanon"]
[BlackTeam "Brunei Darussalam"]
[WhiteTeamCountry "LBN"]

1. e4 c6 2. d4 d5 3. e5 Bf5 4. Nd2 e6 5. Nb3 Nd7 6. Be3 Rc8 7. f4 a6 8. Nf3 c5 9. dxc5 Bxc5 ({RR} 9... Nxc5 10. c3 Na4 11. Qd2 Ne7 12. Be2 Nb6 13. Na5 Qc7 14. O-O Bg4 15. Nd4 Bxe2 16. Qxe2 Nc4 17. Nxc4 Qxc4 18. Qf2 Qd3 19. Rad1 Qg6 20. h3 h5 21. f5 Nxf5 22. Nxf5 Qxf5 23. Qxf5 exf5 24. Rxf5 {½-½ Short,N (2684)-Dreev,A (2673) FIDE World Cup final 2002 (1.1)}) 10. Nfd4 $146 ({RR} 10. Bxc5 Nxc5 11. Nbd4 Ne7 12. Be2 Qb6 13. O-O Qxb2 14. Qe1 Qb6 15. Kh1 Be4 16. Qh4 Ng6 17. Qg3 Bxf3 18. Qxf3 Ne4 19. Qe3 O-O 20. Rab1 Qa7 21. c4 b5 22. Bd3 bxc4 23. Bxe4 dxe4 24. Qxe4 Qc5 {½-½ Nemeth,M (2333)-Bednay,B (2154) HUN-chT U20 Budapest 2004 (3)}) 10... Nh6 11. Be2 O-O 12. O-O f6 13. exf6 Qxf6 14. g4 Qg6 15. g5 Bxc2 16. Nxc2 Qxc2 17. Nxc5 Rxc5 18. gxh6 Qg6+ 19. Kh1 Qe4+ 20. Rf3 Rc7 21. Bd3 Qb4 22. a3 Qe7 23. hxg7 Rf7 24. Bxh7+ Kxh7 25. Rh3+ Kg8 26. Rh8+ Kxg7 27. Qh5 1-0

[Event "45th Olympiad Budapest 2024"]
[Site "Budapest"]
[Date "2024.09.19"]
[Round "8"]
[Board "4"]
[White "Pg. Shahridin, Ak. Abdul Wafie"]
[Black "Kassis, Antoine"]
[Result "0-1"]
[WhiteElo "1912"]
[BlackElo "2085"]
[PlyCount "60"]
[EventDate "2024.09.11"]
[EventType "team-tourn"]
[EventRounds "11"]
[EventCountry "HUN"]
[WhiteTeam "Brunei Darussalam"]
[BlackTeam "Lebanon"]
[BlackTeamCountry "LBN"]

1. e4 c5 2. Nf3 d6 3. Bb5+ Nc6 4. O-O Bd7 5. Re1 Nf6 6. c3 a6 7. Bf1 Bg4 8. d4 e5 ({RR} 8... Bxf3 9. gxf3 cxd4 10. cxd4 e6 11. Nc3 d5 12. Bg5 Be7 13. Bxf6 Bxf6 14. exd5 Nxd4 15. Re4 Nf5 16. dxe6 O-O 17. exf7+ Kh8 18. Qd5 Nd6 19. Re6 Nxf7 20. f4 Bxc3 21. Qxd8 Nxd8 {0-1 Giri,A (2761)-Xiong,J (2688) Chess.com Rapid Wk14 Swiss 2022 (7)}) ({RR} 8... Bxf3 9. gxf3 e5 10. d5 Ne7 11. f4 Ng6 12. f5 Ne7 13. f4 Nd7 14. Nd2 exf4 15. Nf3 Ne5 16. Bxf4 f6 17. b4 Nxf3+ 18. Qxf3 cxb4 19. cxb4 g6 20. Kh1 Kf7 21. Bh3 Bg7 22. fxg6+ hxg6 23. Be6+ {1-0 Van Foreest,J (2624)-Kassis,A (2173) Olympiad-43 Batumi 2018 (1.12)}) 9. d5 Ne7 ({RR} 9... Nb8 10. h3 Bh5 11. a4 Be7 12. Bd3 O-O 13. Nbd2 Nbd7 14. a5 Qc7 15. Qe2 Rac8 16. Nc4 Rfe8 17. Be3 Bg6 18. Nfd2 Nh5 19. g3 Bd8 20. b4 Nhf6 21. Rec1 Qb8 22. f3 Nh5 23. Kh2 Rf8 24. Rab1 {1-0 Meng,Y (2042)-Wang,H (2170) ch-CHN Personal GpB m 2024 (9.5)}) 10. a4 Ng6 $146 ({RR} 10... b6 11. h3 Bc8 12. Nbd2 Ng6 13. b4 Be7 14. Nc4 a5 15. Bd2 O-O 16. Rb1 Nd7 17. bxc5 bxc5 18. g3 h6 19. Nh2 Ba6 20. h4 Re8 21. Qf3 Ra7 22. Ng4 Nf6 23. Nge3 Bf8 24. Nf5 Nh7 25. Rb3 {1-0 Mareco,S (2634)-Llorens Sepulveda,M (2257) Arica op 7th 2021 (3)}) ({RR} 10... g6 11. Na3 Bg7 12. h3 Bd7 13. Nc4 Nc8 14. b4 cxb4 15. cxb4 O-O 16. Bg5 h6 17. Bh4 Qe8 18. Nfd2 Rb8 19. a5 Nh5 20. Rc1 Nf4 21. Qb3 Kh8 22. Nb6 Nxb6 23. axb6 g5 24. Bg3 Bf6 25. Nc4 {0-1 Bancod,R (2356)-Dao,T (2546) Subic Bay op 2009 (1)}) ({RR} 10... b6 11. h3 Bd7 12. Na3 Ng6 13. Nc4 Be7 14. b4 Rb8 15. bxc5 bxc5 16. a5 Bb5 17. Nb6 O-O 18. Nd2 Qc7 19. Rb1 Bxf1 20. Rxf1 Nd7 21. Ndc4 f5 22. Nxd7 Qxd7 23. Rxb8 Rxb8 24. Nb6 Qb5 25. exf5 {1-0 Nasuta,G (2542)-Bach,N (2164) 20th BCC Open 2022 (3.8)}) 11. Bg5 Be7 12. Bxf6 Bxf6 13. Nbd2 O-O 14. a5 Be7 15. h3 Bd7 16. Nc4 f5 17. Nb6 fxe4 18. Nxd7 Qxd7 19. Rxe4 Rf7 20. g3 Qf5 21. Re3 e4 22. g4 Qf6 23. Qc2 exf3 24. Bd3 Qh4 25. Bxg6 hxg6 26. Kh2 Bg5 27. Re4 Bf4+ 28. Rxf4 Rxf4 29. Rg1 Re8 30. Qd2 Re2 0-1

[Event "45th Olympiad Budapest 2024"]
[Site "Budapest"]
[Date "2024.09.19"]
[Round "8"]
[Board "1"]
[White "Mfune, Petros"]
[Black "Ahn, Hongjin"]
[Result "0-1"]
[WhiteElo "1986"]
[BlackElo "2251"]
[PlyCount "70"]
[EventDate "2024.09.11"]
[EventType "team-tourn"]
[EventRounds "11"]
[EventCountry "HUN"]
[WhiteTeam "Malawi"]
[BlackTeam "South Korea"]
[WhiteTeamCountry "MWI"]

1. e4 c5 2. Nf3 Nc6 3. d4 cxd4 4. Nxd4 e5 5. Nb5 d6 6. c4 g6 7. N1c3 a6 8. Na3 Be6 9. Nd5 Bg7 10. Be3 Bxd5 ({RR} 10... Rc8 11. Be2 Nf6 12. Nxf6+ Bxf6 13. Qd2 O-O 14. O-O Nd4 15. b3 Bg7 16. Nc2 Nxc2 17. Qxc2 b5 18. Rac1 bxc4 19. Bxc4 Qh4 20. Qd3 Qe7 21. Bxa6 Ra8 22. a4 f5 23. f3 Rfd8 24. Bc4 Rab8 25. Rfd1 {0-1 Ljukin,S (2362)-Eilenberg,J (2303) Titled Tue 5th Mar Early 2024 (6)}) 11. cxd5 Nd4 12. Bxd4 $146 ({RR} 12. Rc1 Ne7 13. Bd3 O-O 14. O-O f5 15. f3 f4 16. Bf2 Nc8 17. Nc2 Nb6 18. Nxd4 exd4 19. Qe1 Nd7 20. Bh4 g5 21. Bf2 Ne5 22. Qd2 Qf6 23. Rc7 Rab8 24. Be2 Rfc8 25. Rfc1 Rxc7 26. Rxc7 Qd8 {0-1 Moreno Burillo,M (1208)-Jimenez Carrazoni,M (1648) ESP-ch States U14 2022 (4)}) 12... exd4 13. Qa4+ b5 14. Qb4 Nf6 15. Bd3 O-O 16. O-O Re8 17. Rfe1 Rc8 18. g3 h5 19. h4 Ng4 20. Kg2 Bh6 21. Re2 Qf6 22. Rd1 Rc5 23. Nc2 Ne5 24. f4 Bxf4 25. Rf2 Qe7 26. Qxd4 Bh6 27. b4 Rc7 28. Re2 Rec8 29. Ne1 Bg7 30. Qb6 Qd7 31. Qxa6 Qg4 32. Rdd2 Bh6 33. Rf2 Bxd2 34. Rxd2 Nxd3 35. Rxd3 Qe2+ 0-1

[Event "45th Olympiad Budapest 2024"]
[Site "Budapest"]
[Date "2024.09.19"]
[Round "8"]
[Board "2"]
[White "Yun, Hungi"]
[Black "Mwale, Joseph"]
[Result "1-0"]
[WhiteElo "2124"]
[BlackElo "2063"]
[PlyCount "97"]
[EventDate "2024.09.11"]
[EventType "team-tourn"]
[EventRounds "11"]
[EventCountry "HUN"]
[WhiteTeam "South Korea"]
[BlackTeam "Malawi"]
[BlackTeamCountry "MWI"]

1. e4 e5 2. Nf3 Nc6 3. Bb5 a6 4. Ba4 Nf6 5. O-O b5 6. Bb3 Be7 7. Re1 O-O 8. a4 Na5 9. Nxe5 ({RR} 9. Ba2 d6 10. b4 Nc4 11. Nc3 c6 12. a5 d5 13. Bxc4 dxc4 14. Ba3 Bg4 15. d3 cxd3 16. cxd3 Rc8 17. h3 Bxf3 18. Qxf3 c5 19. bxc5 Bxc5 20. Bxc5 Rxc5 21. Ne2 b4 22. d4 exd4 23. Rad1 Qxa5 {0-1 Sevian,S (2696)-Nepomniachtchi,I (2771) Saint Louis Blitz 2023 (4.5)}) ({RR} 9. Ba2) 9... Nxb3 10. cxb3 Bb7 11. Qc2 d5 $146 ({RR} 11... Re8 12. d4 d5 13. axb5 dxe4 14. Be3 axb5 15. Rxa8 Bxa8 16. Nc6 Qd7 17. Nxe7+ Rxe7 18. Qc5 h6 19. Nc3 Bd5 20. Nxb5 c6 21. Nd6 Bxb3 22. Rc1 Re6 23. Nf5 Bd5 24. Ra1 Re8 25. Ng3 Qb7 26. b4 {½-½ Sauvageot Ledezma,D (2142)-Flores,D (2532) Zonal 2.5 2023 (4.2)}) 12. Nc6 Bxc6 13. Qxc6 Nxe4 14. Nc3 Nc5 15. Nxd5 Bd6 16. Re3 f5 17. d4 Ne4 18. g3 b4 19. Nxb4 Nxf2 20. Kxf2 f4 21. Rf3 fxg3+ 22. hxg3 Rxf3+ 23. Kxf3 Qf8+ 24. Bf4 Bxb4 25. Kg2 Re8 26. Rf1 Qe7 27. Bxc7 Qe2+ 28. Rf2 Qe4+ 29. Qxe4 Rxe4 30. Be5 Re3 31. Rf3 Re2+ 32. Rf2 Re3 33. Rc2 Rxb3 34. Kh3 Ba5 35. Rc6 Bb6 36. Rc8+ Kf7 37. Rb8 Rxb2 38. a5 Bxd4 39. Rxb2 Bxb2 40. Bxb2 g5 41. Kg4 Kg6 42. Bd4 h5+ 43. Kf3 Kf5 44. Bb6 Ke5 45. Bd8 Kf5 46. Be7 g4+ 47. Ke3 Ke6 48. Bh4 Ke5 49. Bd8 1-0

[Event "45th Olympiad Budapest 2024"]
[Site "Budapest"]
[Date "2024.09.19"]
[Round "8"]
[Board "3"]
[White "Chipanga, Chiletso"]
[Black "Lee, Kyungseok"]
[Result "0-1"]
[WhiteElo "2089"]
[BlackElo "2044"]
[PlyCount "96"]
[EventDate "2024.09.11"]
[EventType "team-tourn"]
[EventRounds "11"]
[EventCountry "HUN"]
[WhiteTeam "Malawi"]
[BlackTeam "South Korea"]
[WhiteTeamCountry "MWI"]

1. e4 {Postny,Evgeny} c5 2. Nf3 Nc6 3. d4 cxd4 4. Nxd4 e5 5. Nb5 d6 6. c4 ({RR} 6. N1c3 a6 7. Na3 b5 8. Nd5 Nf6) 6... g6 7. Be2 ({RR} 7. N1c3 a6 8. Na3 Be6 9. Be2 Bg7 10. O-O Nge7 11. Nc2 O-O 12. Be3 f5 13. f3 fxe4 14. Nxe4 Nf5 15. Bf2 Kh8 16. Qd2 Nfd4 17. Rfd1 Rc8 18. b3 Bg8 19. Rac1) 7... a6 8. N5a3 Nf6 9. Nc3 Bg7 10. Nc2 Be6 11. Be3 O-O ({RR} 11... Rc8 12. Rc1 O-O 13. O-O Ne7 14. Na3 ({RR} 14. b3 b5) 14... Nc6 15. Re1 Nd4 16. f3 ({RR} 16. Bxd4 exd4 17. Qxd4 Nd5 18. Qd2 Nxc3 19. bxc3 Qa5) 16... Qb6 17. Rb1 Nxe2+ ({RR} 17... Bh6 18. Bf2 ({RR} 18. Bxh6 Nxf3+ 19. Kh1 Ng4 20. gxf3 ({RR} 20. Rf1 Qg1+ 21. Rxg1 Nf2#) 20... Nf2+ 21. Kg2 Nxd1 22. Rexd1 Rfe8) 18... Nxe2+ 19. Rxe2 Qb4) ({RR} 17... Nh5) 18. Rxe2 Qb4 19. Rd2 Rfd8 ({RR} 19... Bxc4 20. Nxc4 Qxc4 21. Rxd6) 20. c5 ({RR} 20. Qb3 Qxb3 21. axb3 b5 ({RR} 21... Bf8 22. Nc2) 22. cxb5 axb5 23. Naxb5 Bxb3 24. Nxd6) 20... Qa5 21. Rxd6 ({RR} 21. cxd6 Rxc3) ({RR} 21. Nd5 Bxd5 ({RR} 21... Nxd5 22. exd5 Bf5 23. Nc4 Qb5 24. Nxd6 Rxd6 25. cxd6 Bxb1 26. Qxb1 Bf8) 22. exd5 dxc5 23. Nc4 Qb5 24. Rc1 e4) 21... Bf8 22. Rxd8 Rxd8 23. Qe2 Bxc5 24. Nc2 Bd4 25. Qe1 b5 ({RR} 25... Rd7 26. Nxd4 ({RR} 26. a3 Bb3) 26... exd4 27. Nd5 Qxe1+ 28. Rxe1 Nxd5 ({RR} 28... Bxd5 29. Bxd4 Nxe4 30. fxe4 Bxa2) 29. exd5 Rxd5 30. Bd2) 26. Nxd4 {1-0 Ivanchuk,V (2715)-Jobava,B (2727) Tata Steel-A 77th 2015 (1)}) 12. Qd2 Qc7 $146 ({RR} 12... Rc8 13. b3 b5 14. cxb5 axb5 15. b4 Ne7 16. Rc1 d5 17. exd5 Nexd5 18. Nxd5 Bxd5 19. O-O Ne4 20. Qe1 Nc3 21. Na3 Nxa2 22. Rxc8 Qxc8 23. Nxb5 Qb7 24. Qd2 e4 25. Bc5 Ra8 26. Nd6 Bc3 27. Qd1 {1-0 Klek,H (2314)-Zherebtsova,A (2155) 23rd ch-EUR Indiv w 2023 (6.34)}) ({RR} 12... Qa5 13. O-O Rfd8 14. Rfd1 b5 15. b4 Qc7 16. cxb5 axb5 17. Bg5 Qb7 18. Bxb5 Nd4 19. Bd3 Nxc2 20. Bxc2 Qxb4 21. Rab1 Qa5 22. Bb3 Bxb3 23. axb3 Rdc8 24. b4 Qa3 25. Bxf6 Qxc3 26. Be7 Bf8 27. Qxd6 {½-½ Ponkratov,P (2614)-Oparin,G (2664) Chessable Masters Play-In 2024 (7)}) 13. Rc1 Rac8 14. O-O Ne7 15. Na3 Qc6 16. f3 Nh5 17. Nd5 Rfe8 18. Rfd1 Nf4 19. Bf1 Rcd8 20. g3 Nh5 21. c5 Bxd5 22. exd5 Qd7 23. c6 bxc6 24. dxc6 Nxc6 25. Bxa6 d5 26. Bb5 Re6 27. Qc2 Rc8 28. Qa4 d4 29. Bf2 Nf6 30. Rc4 Bh6 31. f4 exf4 32. Rdxd4 Qe8 33. gxf4 Ng4 34. Rxc6 Rexc6 35. Bxc6 Rxc6 36. Re4 Qc8 37. Nc4 Bf8 38. b3 Nxf2 39. Kxf2 Ra6 40. Qb5 Rxa2+ 41. Kg3 Qd8 42. Ne3 Qd2 43. Ng4 h5 44. Nf6+ Kh8 45. Qf1 Qxh2+ 46. Kf3 Rb2 47. Re3 Qh4 48. Qa6 Qh1+ 0-1